[Event "Santo Domingo op 08"]
[Site "Santo Domingo"]
[Date "2019.08.13"]
[Round "3"]
[White "Cruz Nina, Engels"]
[Black "Orizondo, Hugo"]
[Result "0-1"]
[WhiteElo "1539"]
[BlackElo "2024"]
[PlyCount "50"]
[EventDate "2019.08.12"]
[EventType "swiss"]
[EventRounds "8"]
[EventCountry "DOM"]
[SourceTitle "EXT 2020"]
[Source "ChessBase"]
[SourceDate "2019.10.17"]
[SourceVersion "1"]
[SourceVersionDate "2019.10.17"]
[SourceQuality "1"]

1. b3 d5 2. e3 Nf6 3. d4 Bf5 4. Bb2 e6 5. a3 c5 6. c4 Nc6 7. Nf3 Rc8 8. Nc3 cxd4 9. Nxd4 Nxd4 10. exd4 Be7 11. Bd3 Bxd3 12. Qxd3 dxc4 13. bxc4 0-0 14. 0-0 Qc7 15. c5 Rfd8 16. Nb5 Qb8 17. Qf3 a6 18. Nd6 Bxd6 19. cxd6 Qxd6 20. Rac1 Nd5 21. Ba1 Qf4 22. Rxc8 Rxc8 23. Qb3 b5 24. g3 Qd2 25. Rd1 Rc1 0-1